01358nab a22002417a 4500003000400000005001700004008004100021040000700062100002200069245019300091260007200284300001300356500003900369505030300408505008900711650002000800650002400820650003500844650004000879650003800919650002600957773013300983OSt20260109230830.0190605e xxu||||| |||| 00| 0 spa d cPJ aGasquet, Pablo A.10aEstatuto para el Personal de Casas Particulares. Diez años de la sanción de un régimen jurídico que se hizo esperar pero que al fin puso las cosas en su lugar /cPablo A. Gasquet.  aCiudad Autónoma de Buenos Aires :bThomson Reuters La Ley,c2023. ap. 12-25 aCita: TR LALEY AR/DOC/1492/2023.  aSumario: I. Concepto.— II. Sujetos.— III. Objeto.— IV. Modalidades contractuales.— V. Jornada de trabajo, descanso, licencia por enfermedad y tutela de la maternidad.— VI. Remuneración.— VII. Extinción del contrato de trabajo.— VIII. Negociación colectiva.— IX. Conclusión.  t¿Te interesa el texto completo? Solicitalo al correo: koha@justierradelfuego.gov.ar 0aDERECHO LABORAL 0aCONTRATO DE TRABAJO 0aPERSONAL DE CASAS PARTICULARES 0aMODALIDADES DEL CONTRATO DE TRABAJO 0aEXTINCION DEL CONTRATO DE TRABAJO 0aNEGOCIACION COLECTIVA0 02711dCiudad Autónoma de Buenos Aires : Thomson Reuters La Ley, 1999-2002.tRevista de derecho del trabajo. Nº 4 - Julio 2023